Road Quality and Mean Speed Score /
We introduce a novel measure of cross-country road quality based on the travel mean speed between large cities from Google Maps. This measure is useful to assess road infrastructure and access gaps. Our Mean Speed (MS) score is easier to estimate and update than traditional gauges of road network qu...
| Hoofdauteur: | |
|---|---|
| Andere auteurs: | |
| Formaat: | Tijdschrift |
| Taal: | English |
| Gepubliceerd in: |
Washington, D.C. :
International Monetary Fund,
2022.
|
| Reeks: | IMF Working Papers; Working Paper ;
No. 2022/095 |
| Onderwerpen: | |
| Online toegang: | Full text available on IMF Full text available on IMF Full text available on IMF |
| LEADER | 02289cas a2200337 a 4500 | ||
|---|---|---|---|
| 001 | AALejournalIMF022697 | ||
| 008 | 230101c9999 xx r poo 0 0eng d | ||
| 020 | |c 20.00 USD | ||
| 020 | |z 9798400210440 | ||
| 022 | |a 1018-5941 | ||
| 040 | |a BD-DhAAL |c BD-DhAAL | ||
| 100 | 1 | |a Moszoro, Marian. | |
| 245 | 1 | 0 | |a Road Quality and Mean Speed Score / |c Marian Moszoro, Mauricio Soto. |
| 264 | 1 | |a Washington, D.C. : |b International Monetary Fund, |c 2022. | |
| 300 | |a 1 online resource (34 pages) | ||
| 490 | 1 | |a IMF Working Papers | |
| 500 | |a <strong>Off-Campus Access:</strong> No User ID or Password Required | ||
| 500 | |a <strong>On-Campus Access:</strong> No User ID or Password Required | ||
| 506 | |a Electronic access restricted to authorized BRAC University faculty, staff and students | ||
| 520 | 3 | |a We introduce a novel measure of cross-country road quality based on the travel mean speed between large cities from Google Maps. This measure is useful to assess road infrastructure and access gaps. Our Mean Speed (MS) score is easier to estimate and update than traditional gauges of road network quality which rely on official reports, surveys (i.e., World Economic Forum's Quality of Roads Perception survey), or satellite imaging (i.e., World Bank's Rural Access Index). In a sample of over 160 countries, we find that MS scores range between 38 km/h (23.6 mph) and 107 km/h (66.5 mph). We show that the MS score is a strong proxy for road quality and access. | |
| 538 | |a Mode of access: Internet | ||
| 650 | 7 | |a Economic Development |2 imf | |
| 650 | 7 | |a Housing |2 imf | |
| 650 | 7 | |a National Government Expenditures and Related Policies |2 imf | |
| 650 | 7 | |a Other Public Investment and Capital Stock |2 imf | |
| 650 | 7 | |a Railroads and Other Surface Transportation |2 imf | |
| 700 | 1 | |a Soto, Mauricio. | |
| 830 | 0 | |a IMF Working Papers; Working Paper ; |v No. 2022/095 | |
| 856 | 4 | 0 | |z Full text available on IMF |u https://elibrary.imf.org/openurl?genre=journal&issn=1018-5941&volume=2022&issue=095 |z IMF e-Library |
| 856 | 4 | 0 | |z Full text available on IMF |u https://elibrary.imf.org/openurl?genre=journal&issn=1018-5941&volume=2022&issue=096 |z IMF e-Library |
| 856 | 4 | 0 | |z Full text available on IMF |u https://elibrary.imf.org/openurl?genre=journal&issn=1934-7685&volume=2022&issue=144 |z IMF e-Library |